| 000 -ლიდერი |
| ფიქსირებული სიგრძის საკონტროლო ველი |
00794nam a22001577a 4500 |
| 003 - საკონტროლო ნომრის იდენტიფიკატორი |
| საკონტროლო ველი |
Ge_BSU |
| 005 - ბოლო ოპერაციის თარიღი და დრო |
| საკონტროლო ველი |
20251028145118.0 |
| 008 - ფიქსირებული სიგრძის მონაცემთა ელემენტები - ზოგადი ინფორმაცია |
| ფიქსირებული სიგრძის საკონტროლო ველი |
251028s1948 ge ||||| |||| 00| 0 geo d |
| 041 ## - ენის კოდი |
| Language code of text/sound track or separate title |
geo |
| 080 ## - უნივერსალური ათობითი კლასიფიკაციის ინდექსი |
| Universal Decimal Classification number |
336.14(47+57)(075.8) რ-74 |
| 100 ## - მთავარი ჩანაწერი - პიროვნების სახელი |
| Personal name |
როვინსკი, ნ.ნ. |
| 9 (RLIN) |
26117 |
| 245 ## - ცნობა სათაურის შესახებ |
| Title |
სსრ კავშირის სახელმწიფო ბიუჯეტი : |
| Remainder of title |
[სახელმძღვ. საფინანსო-ეკონომიური უმაღლესი სასწავლებელთათვის] / |
| Statement of responsibility, etc |
ნ.ნ. როვინსკი. |
| 264 ## - წარმოების, გამოცემის, დისტრიბუციის და სხვა ცნობები |
| გამოცემის, წარმოების, დისტრიბუციის... ადგილი |
თბ. : |
| გამოცემის, წარმოების, დისტრიბუციის... სახელწოდება |
თბილ. სახელმწ. უნ-ტის გამ-ბა და სტ., |
| გამოცემის, წარმოების, დისტრიბუციის... თარიღი |
1948. |
| 300 ## - ფიზიკური აღწერა |
| Extent |
468 გვ. ; |
| Other physical details |
25 სმ. |
| 942 ## - ADDED ENTRY ELEMENTS (KOHA) |
| Source of classification or shelving scheme |
|
| Koha item type |
წიგნი |